000 00764nam a22002177a 4500
003 UA-OsUOA
001 118429
007 ta
008 20160831b un ||||| |||| 00| 0 ukr d
100 _aДмітрієв А.
090 _a94(477)
_bД53
942 _cSA
040 _aUA-OsUOA
_bukr
_cUA-OsUOA
_dUA-OsUOA
245 _aФілологи-автономісти і автономія філології у пізньоімперській росії: Ніколай Мар, Ян Бодуен де Куртене та Агатангел Кримській
300 _aС.2-16
955 _a0
041 _aukr
080 _a94(477)
773 0 _w118428
_tКритика
_dК.
_d2016
_g6
650 7 _a9 Географія. Біографії. Історія
_2UDC
999 _c404507
_d404507